000 01061nam a2200277 a 4500
008 120416s1997 ||||||||||||||||| || u
020 _a1853834130
050 _aHF 5635 Bui
100 _aEvans, Richard
245 1 0 _aBuilding corporate accountability
_cedited by Simon Zadek
246 _aemerging practices in social and ethical accounting, auditing and reporting.
260 _aLondon:
_bEarthscan Publications Ltd
_c1997
300 _axii, 239 p. : ill.
350 _a0.00
500 _aBibliography
650 _aACCOUNTING--MORAL AND ETHICAL ASPECTS
650 _aAUDITING--MORAL AND ETHICAL ASPECTS
650 _aAUDITING--SOCIAL ASPECTS
650 0 _aACCOUNTING--HANDBOOKS, MANUALS, ETC
650 _aSocial responsibility of business - Case studies
650 _aTEXTBOOKS
700 _aZadek, Simon
700 _aPruzan, Peter Mark
710 _aNew Economics Foundation
995 _D0.00
_FCBU-MAIN LIBRARY (Kitwe)
_H1
_I15.95
_M1
_UAVAILABLE
_ZMain Library Open Access Collection
999 _c36255
_d36255